El Desafío de la guerra (1740-1974) : (Record no. 126632)
[ view plain ]
| 000 -LEADER | |
|---|---|
| campo de control de longitud fija | 01050nam a22002297a 4500 |
| 003 - IDENTIFICADOR DE NÚMERO DE CONTROL | |
| campo de control | BJBSDDR |
| 005 - FECHA Y HORA DE LA ÚLTIMA TRANSACCIÓN | |
| campo de control | 20260318162134.0 |
| 006 - CÓDIGOS DE INFORMACIÓN DE LONGITUD FIJA--CARACTERÍSTICAS DEL MATERIAL ADICIONAL | |
| campo de control de longitud fija | a|||||r|||| 00| 0 |
| 007 - CAMPO FIJO DE DESCRIPCIÓN FÍSICA--INFORMACIÓN GENERAL | |
| campo de control de longitud fija | ta |
| 008 - DATOS DE LONGITUD FIJA--INFORMACIÓN GENERAL | |
| campo de control de longitud fija | 260318s1977 sp |||||r|||| 00| 0 spa d |
| 020 ## - NÚMERO INTERNACIONAL ESTÁNDAR DEL LIBRO | |
| Número Internacional Estándar del Libro | 8471665298 |
| 040 ## - FUENTE DE CATALOGACIÓN | |
| Lengua de catalogación | spa |
| Centro/agencia transcriptor | BJBSDDR |
| 041 ## - CÓDIGO DE IDIOMA | |
| Código de lengua del texto/banda sonora o título independiente | spa |
| 100 1# - ENTRADA PRINCIPAL--NOMBRE DE PERSONA | |
| Nombre de persona | Bouthoul, Gaston, |
| Fechas asociadas al nombre | 1896-1980 |
| 9 (RLIN) | 47279 |
| 245 13 - MENCIÓN DEL TÍTULO | |
| Título | El Desafío de la guerra (1740-1974) : |
| Resto del título | dos siglos de guerras y de revoluciones / |
| Mención de responsabilidad, etc. | Gaston Bouthoul, René Carrère. |
| 260 ## - PUBLICACIÓN, DISTRIBUCIÓN, ETC. | |
| Lugar de publicación, distribución, etc. | Madrid : |
| Nombre del editor, distribuidor, etc. | Edaf ; |
| Fecha de publicación, distribución, etc. | 1977. |
| 300 ## - DESCRIPCIÓN FÍSICA | |
| Extensión | 302 páginas : |
| Otras características físicas | ilustraciones ; |
| Dimensiones | 18 cm |
| 520 ## - RESUMEN, ETC. | |
| Sumario, etc. | El desafío de la guerra analiza la transformación de los conflictos armados en la época moderna, especialmente durante el siglo XX y la Guerra Fría. El autor sostiene que la guerra sigue siendo una herramienta política fundamental, pero sus características y riesgos han cambiado por la tecnología, la estrategia internacional y la aparición de armas de destrucción masiva. |
| 700 1# - ENTRADA AGREGADA--NOMBRE PERSONAL | |
| Nombre de persona | Carrère, René |
| 9 (RLIN) | 47602 |
| 942 ## - ELEMENTOS DE ENTRADA SECUNDARIOS (KOHA) | |
| Fuente del sistema de clasificación o colocación | Clasificación de Library of Congress |
| Suprimir en OPAC | No |
| Tipo de ítem Koha | Libro |
| 946 ## - PROCESAMIENTO DE INFORMACIÓN LOCAL (OCLC) | |
| Iniciales del agente catalogador | llh |
| Estatus retirado | Estado de pérdida | Fuente del sistema de clasificación o colocación | Estado de daño | No para préstamo | Colección | Biblioteca de origen | Biblioteca actual | Ubicación en estantería | Fecha de adquisición | Código de barras | Visto por última vez | Copia número | Tipo de ítem Koha |
|---|---|---|---|---|---|---|---|---|---|---|---|---|---|
| Clasificación de Library of Congress | Automatización y Procesos Técnicos | Biblioteca Juan Bosch | Biblioteca Juan Bosch | Automatización y Procesos Técnicos (1er. Piso) | 18/03/2026 | 00000198477 | 18/03/2026 | 1 | Libro |
